Fisiología respiratoria (Registro nro. 302918)

Detalles MARC
000 -ENCABEZADO
Número de control [NR] 01806nam a2200337Mc 4500
001 - NÚMERO DE CONTROL
control field ocn816555431
005 - FECHA Y HORA DE LA ÚLTIMA TRANSACCIÓN
control field 20180313061229.0
008 - DE LONGITUD FIJA DE DATOS DE ELEMENTOS - INFORMACIÓN GENERAL
Elementos de longitud fija [NR] 160411s2012 sp ad fr 001 0 spa d
020 ## - NUMERO INTERNACIONAL NORMALIZADO PARA LIBROS [R]
Número Internacional Normalizado del libro [NR] 9788415419600 (9a.Ed)
020 ## - NUMERO INTERNACIONAL NORMALIZADO PARA LIBROS [R]
Número Internacional Normalizado del libro [NR] 8415419600
035 ## - NUMERO DE CONTROL DEL SISTEMA [R]
Número de control del sistema [NR] (OCoLC)816555431
040 ## - FUENTE DE CATALOGACION [NR]
Agencia de catalogación original [NR] Co-BoUCM
Idioma de catalogación [NR] spa
Quien Cataloga Saul Niño
Quien Clasifica Saul Niño
041 1# - CODIGO DE IDIOMA [R]
Código de idioma para texto/pista de sonido o título separado [R] Español
060 ## - SIGNATURA TOPOGRAFICA DE LA BIBLIOTECA NACIONAL DE MEDICINA (NLM) [R]
Número clasificador [R] WF 102
100 1# - ASIENTO PRINCIPAL--NOMBRE PERSONAL [NR]
Nombre personal [NR] West, John B.
ID Autoridad 54911
245 10 - MENCION DE TITULO [NR]
Título [NR] Fisiología respiratoria
Mención de responsabilidad, etc. [NR] John B. West ; traducción Ma Jesús del Sol Jaquotot
250 ## - MENCION DE EDICION [NR]
Mención de edición [NR] 9a ed
260 ## - PUBLICACION, DISTRIBUCION, ETC. (PIE DE IMPRENTA) [R]
Lugar de publicación, distribución, etc. [R] Barcelona (España)
Nombre del editor, distribuidor, etc. [R] Wolters Kluwer
-- Lippincott Williams & Wilkins
Fecha de publicación, distribución, etc. [R] 2012
300 ## - DESCRIPCION FISICA [R]
Extensión [R] ix, 200 páginas
Otros detalles físicos [NR] ilustraciones, Tablas, gráficos
500 ## - NOTA GENERAL [R]
Nota general [NR] Incluye índice
505 0# - NOTA DE CONTENIDO CON FORMATO PREESTABLECIDO [R]
Nota de contenido con formato preestablecido [NR] ÍNDICE: 1. Estructura y función. Cómo la arquitectura pulmonar contribuye a su función -- 2. Ventilación. Cómo llega el aire a los alvéolos -- 3. Difusión. Cómo el aire atraviesa la membrana alveolocapilar -- 4. Flujo sanguíneo y metabolismo. Cómo la circulación pulmonar elimina gases de los pulmones y altera algunos metabolitos -- 5. Relación entre la ventilación y perfusión. Cómo las relaciones entre el aire y la sangre determinan el intercambio de gases -- 6. Transporte de gases por la sangre -- 7. Mecánica y respiración -- 8. Control de ventilación -- 9. Aparato respiratorio y estrés -- 10. Pruebas funcionales respiratorias
650 #7 - ASIENTO SECUNDARIO DE MATERIA - TERMINO TEMATICO [R]
Término temático o nombre geográfico como elemento de entrada [NR] Aparato respiratorio
9 (RLIN) 9223
650 #7 - ASIENTO SECUNDARIO DE MATERIA - TERMINO TEMATICO [R]
Término temático o nombre geográfico como elemento de entrada [NR] Pulmones
9 (RLIN) 22940
Subdivisión general [R] Efectos fisiológicos
650 #7 - ASIENTO SECUNDARIO DE MATERIA - TERMINO TEMATICO [R]
Término temático o nombre geográfico como elemento de entrada [NR] Respiración
Subdivisión general [R] Fisiología
9 (RLIN) 23661
650 #4 - ASIENTO SECUNDARIO DE MATERIA - TERMINO TEMATICO [R]
Término temático o nombre geográfico como elemento de entrada [NR] Respiración
Subdivisión general [R] Conceptos
9 (RLIN) 76519
650 #7 - ASIENTO SECUNDARIO DE MATERIA - TERMINO TEMATICO [R]
Término temático o nombre geográfico como elemento de entrada [NR] Fisiología de la respiración
9 (RLIN) 15933
690 #0 - ASUNTO AGREGADO LOCAL DE ENTRADA - TÉRMINO TEMÁTICO (OCLC, RLIN)
Acceso temático local Fisiología
9 (RLIN) 15925
765 ## - ASIENTO DE IDIOMA ORIGINAL [R]
Título [NR] Respiratory physiology : the essentials
942 ## - ELEMENTOS DE ENTRADA AGREGADOS (KOHA)
Sistema de clasificación NLM
Tema principal Medicina
Tipo de ítem principal el descrito en 300a Libro
Edición 9
Clasificación WF 102
Parte restante de la signatura top. W516fi
Título oculto en OPAC No
Existencias
Fecha de último préstamo Total préstamos Total Renewals Signatura topográfica Código de barras Última vez visto Volúmen / Fascículo Ejemplar Costo de reposición Price effective from Tipo de ítem Perdido Sistema de clasificación Dañado No prestable Tipo de ítem específico Suprimido Ubicación habitual Ubicación actual Localización Fecha de creación Proveedor Forma de adquisición Costo
11/03/2026 50 28 WF 102 W516fi 200029130 20/05/2026 9a.Ed. Ej.1 150200.00 29/03/2016 Libro   NLM     Libro   Quinta de Mutis Quinta de Mutis 2do piso 29/03/2016 37 Compra 150200.00